00454 a2200169 450000100060000002000150000604000240002110000230004524000230006824500180009130000070010936200090011665000310012594200070015695201040016399900170026769798 a857406260X cAnchieta - Itaigara aMachado, Ana Maria10aPonto a pontolpor10aPonto a ponto a480 a2006 4aLiteratura infanto-juvenil cBK 00104070a88.1b88.1d2023-11-21l0o028.5 MAC PONp2531/ITAr2023-11-21 20:04:31w2023-11-21yBK c69798d69798